<?xml version="1.0" encoding="UTF-8"?>
<record
    xmlns:xsi="http://www.w3.org/2001/XMLSchema-instance"
    xsi:schemaLocation="http://www.loc.gov/MARC21/slim http://www.loc.gov/standards/marcxml/schema/MARC21slim.xsd"
    xmlns="http://www.loc.gov/MARC21/slim">

  <leader>00477nam a22001577a 4500</leader>
  <controlfield tag="007">ta</controlfield>
  <controlfield tag="008">130918t2007    xxu||||| |||| 00| 0 spa d</controlfield>
  <datafield tag="020" ind1=" " ind2=" ">
    <subfield code="a">970-607-676-x</subfield>
  </datafield>
  <datafield tag="050" ind1=" " ind2=" ">
    <subfield code="a">PE 1628 C43</subfield>
  </datafield>
  <datafield tag="245" ind1=" " ind2=" ">
    <subfield code="a">Chambers learner&#xB4;s english dictionary</subfield>
    <subfield code="c">/ Sandra Anderson, Kay Cullen ; editor</subfield>
  </datafield>
  <datafield tag="260" ind1=" " ind2=" ">
    <subfield code="a">M&#xE9;xico</subfield>
    <subfield code="b">: Larousse</subfield>
    <subfield code="c">; 2007</subfield>
  </datafield>
  <datafield tag="300" ind1=" " ind2=" ">
    <subfield code="a">631 p&#xE1;ginas</subfield>
    <subfield code="b">: il. </subfield>
    <subfield code="c">; 21 cm. </subfield>
  </datafield>
  <datafield tag="650" ind1=" " ind2=" ">
    <subfield code="2">IDIOMA INGLES -- DICCIONARIOS</subfield>
  </datafield>
  <datafield tag="700" ind1=" " ind2=" ">
    <subfield code="a">ANDERSON, Sandra, ed. </subfield>
  </datafield>
  <datafield tag="942" ind1=" " ind2=" ">
    <subfield code="c">LB</subfield>
    <subfield code="2">ddc</subfield>
  </datafield>
  <datafield tag="952" ind1=" " ind2=" ">
    <subfield code="0">0</subfield>
    <subfield code="1">0</subfield>
    <subfield code="2">lcc</subfield>
    <subfield code="4">0</subfield>
    <subfield code="7">0</subfield>
    <subfield code="a">21</subfield>
    <subfield code="b">21</subfield>
    <subfield code="d">2013-09-18</subfield>
    <subfield code="l">20</subfield>
    <subfield code="o">PE 1628 C43</subfield>
    <subfield code="p">21 002114</subfield>
    <subfield code="r">2019-05-06</subfield>
    <subfield code="s">2019-05-06</subfield>
    <subfield code="t">1</subfield>
    <subfield code="w">2013-09-18</subfield>
    <subfield code="y">LB</subfield>
  </datafield>
  <datafield tag="952" ind1=" " ind2=" ">
    <subfield code="0">0</subfield>
    <subfield code="1">0</subfield>
    <subfield code="2">lcc</subfield>
    <subfield code="4">0</subfield>
    <subfield code="7">0</subfield>
    <subfield code="a">21</subfield>
    <subfield code="b">21</subfield>
    <subfield code="d">2013-09-18</subfield>
    <subfield code="l">17</subfield>
    <subfield code="o">PE 1628 C43</subfield>
    <subfield code="p">21 002115</subfield>
    <subfield code="r">2019-01-16</subfield>
    <subfield code="s">2019-01-15</subfield>
    <subfield code="t">2</subfield>
    <subfield code="w">2013-09-18</subfield>
    <subfield code="y">LB</subfield>
  </datafield>
  <datafield tag="952" ind1=" " ind2=" ">
    <subfield code="0">0</subfield>
    <subfield code="1">0</subfield>
    <subfield code="2">lcc</subfield>
    <subfield code="4">0</subfield>
    <subfield code="7">0</subfield>
    <subfield code="a">21</subfield>
    <subfield code="b">21</subfield>
    <subfield code="d">2013-09-18</subfield>
    <subfield code="l">13</subfield>
    <subfield code="o">PE 1628 C43</subfield>
    <subfield code="p">21 002116</subfield>
    <subfield code="r">2018-09-04</subfield>
    <subfield code="s">2018-09-04</subfield>
    <subfield code="t">3</subfield>
    <subfield code="w">2013-09-18</subfield>
    <subfield code="y">LB</subfield>
  </datafield>
  <datafield tag="952" ind1=" " ind2=" ">
    <subfield code="0">0</subfield>
    <subfield code="1">0</subfield>
    <subfield code="2">lcc</subfield>
    <subfield code="4">0</subfield>
    <subfield code="7">0</subfield>
    <subfield code="a">21</subfield>
    <subfield code="b">21</subfield>
    <subfield code="d">2013-09-18</subfield>
    <subfield code="l">18</subfield>
    <subfield code="o">PE 1628 C43</subfield>
    <subfield code="p">21 002117</subfield>
    <subfield code="r">2017-11-14</subfield>
    <subfield code="s">2017-11-14</subfield>
    <subfield code="t">4</subfield>
    <subfield code="w">2013-09-18</subfield>
    <subfield code="y">LB</subfield>
  </datafield>
  <datafield tag="999" ind1=" " ind2=" ">
    <subfield code="c">90859</subfield>
    <subfield code="d">90859</subfield>
  </datafield>
</record>
